| 000 | 01075nam a2200325 i 4500 | ||
|---|---|---|---|
| 001 | bg | ||
| 100 | 1 | _aMAIGE, Christian. | |
| 245 | 1 | 0 |
_aWalka z czasem : _batut strategiczny przedsiębiorstwa / _cChristian Maige, Jean-Louis Muller ; przekł. z fr. Marian Egeman. |
| 246 |
_iTyt. oryg.: _aLa guerre du temps |
||
| 260 |
_aWarszawa : _b"Poltext", _c1995. |
||
| 300 |
_a167, [1] s. ; _c24 cm. |
||
| 490 | 1 | _aFinanse, Zarządzanie, Rozwój | |
| 500 | _aOryg. : "La guerre du temps" 1995. | ||
| 504 | _aBibliogr. s. 165. | ||
| 650 | 9 |
_aCzas pracy _xorganizacja |
|
| 650 | 9 |
_aInnowacje _xstosowanie _xgospodarka |
|
| 650 | 9 |
_aKonkurencja _xzagadnienia |
|
| 650 | 9 |
_aPrzedsiębiorstwo _xorganizacja _xmetody |
|
| 655 | _aPodręczniki | ||
| 700 | 1 | _aMULLER, Jean-Louis. | |
| 700 | 1 |
_aEGEMAN, Marian. _eTł. |
|
| 830 | _aFinanse, Zarządzanie, Rozwój | ||
| 020 | _a8385366989 | ||
| 040 | _cBPK | ||
| 041 | 1 |
_apl _hfr |
|
| 080 | _a658.1/.5.015:331.103.3:001.894:339.13](07) | ||
| 920 | _a83-85366-98-9 | ||
| 942 | _cKS | ||
| 008 | s pl f |000 0 pol | ||
| 999 |
_c25298 _d25298 |
||
| 856 |
_uhttp://koha.tu.koszalin.pl/cgi-bin/koha/opac-detail.pl?biblionumber=25298 _yKatalog online BPK |
||